[Event "Victoria Grand Pacific op 5th"]
[Site "Victoria"]
[Date "2011.04.24"]
[Round "4"]
[White "Yoos, John C"]
[Black "Williams, John Michael"]
[Result "1-0"]
[WhiteElo "2382"]
[BlackElo "2103"]
[PlyCount "57"]
[EventDate "2011.04.22"]
[EventType "swiss"]
[EventRounds "6"]
[EventCountry "CAN"]
[SourceTitle "EXT 2014"]
[Source "ChessBase"]
[SourceDate "2013.11.20"]
[SourceVersion "1"]
[SourceVersionDate "2013.11.20"]
[SourceQuality "1"]

1. e4 c5 2. Nf3 Nc6 3. d4 cxd4 4. Nxd4 g6 5. c4 Bg7 6. Be3 Nf6 7. Nc3 0-0 8. Be2 d6 9. 0-0 Nxd4 10. Bxd4 Bd7 11. Qd2 Bc6 12. f3 a5 13. b3 Nd7 14. Be3 Nc5 15. Rab1 e6 16. Rfd1 Be5 17. Qe1 Qf6 18. Rbc1 Rfd8 19. Bf1 b6 20. Rc2 Be8 21. Ne2 b5 22. f4 Bb2 23. e5 dxe5 24. Rxd8 Rxd8 25. Bxc5 exf4 26. Nxf4 bxc4 27. bxc4 Ba4 28. Rf2 Bc3 29. Qe3 1-0

[Event "Victoria"]
[Site "Victoria"]
[Date "2010.10.10"]
[Round "4"]
[White "Yoos, John C"]
[Black "Gansvind, Valeriya I"]
[Result "1-0"]
[WhiteElo "2466"]
[BlackElo "2321"]
[PlyCount "91"]
[EventDate "2010.10.08"]
[EventType "tourn"]
[EventRounds "7"]
[EventCountry "CAN"]
[SourceTitle "EXT 2022"]
[Source "ChessBase"]
[SourceDate "2021.10.06"]
[SourceVersion "1"]
[SourceVersionDate "2021.10.06"]
[SourceQuality "1"]

1. e4 g6 2. d4 Bg7 3. Nf3 d6 4. Nc3 c6 5. Be3 b5 6. Bd3 a6 7. Qd2 Qc7 8. a4 Bb7 9. axb5 cxb5 10. 0-0 Nd7 11. Rfe1 h6 12. h3 Kf8 13. Ne2 Ngf6 14. Ng3 e5 15. c3 Kg8 16. Qd1 Kh7 17. h4 Rhe8 18. h5 Nf8 19. d5 Reb8 20. Nd2 Bc8 21. hxg6+ fxg6 22. Qe2 Ng4 23. Rec1 Nxe3 24. Qxe3 h5 25. Ngf1 Bh6 26. Qe2 Qb6 27. Rc2 Bg4 28. Qe1 a5 29. Be2 Bc8 30. c4 Nd7 31. cxb5 Nc5 32. Nc4 Qd8 33. Nxa5 Qh4 34. Rxc5 dxc5 35. Nc6 Qxe4 36. Nxb8 Rxb8 37. Qa5 Rb7 38. Bf3 Qh4 39. Qa8 Rxb5 40. Qxc8 Rxb2 41. Qxc5 Bg7 42. Re1 Qa4 43. Be4 Qa6 44. Nh2 Re2 45. Rxe2 Qxe2 46. Qc2 1-0

[Event "Victoria"]
[Site "Victoria"]
[Date "2010.10.09"]
[Round "3"]
[White "Sohal, Tanraj"]
[Black "Yoos, John C"]
[Result "1/2-1/2"]
[WhiteElo "2130"]
[BlackElo "2466"]
[PlyCount "89"]
[EventDate "2010.10.08"]
[EventType "tourn"]
[EventRounds "7"]
[EventCountry "CAN"]
[SourceTitle "EXT 2022"]
[Source "ChessBase"]
[SourceDate "2021.10.06"]
[SourceVersion "1"]
[SourceVersionDate "2021.10.06"]
[SourceQuality "1"]

1. d4 Nf6 2. c4 e6 3. Nf3 Nc6 4. g3 Bb4+ 5. Bd2 Qe7 6. Bg2 Bxd2+ 7. Nbxd2 d6 8. e4 e5 9. d5 Nb8 10. 0-0 a5 11. Ne1 0-0 12. Nd3 c6 13. Qe2 Nbd7 14. Rae1 Re8 15. h3 Qd8 16. Kh2 cxd5 17. cxd5 b6 18. Qe3 Ba6 19. Rg1 Nc5 20. Nxc5 bxc5 21. Bf1 Bxf1 22. Rgxf1 Nd7 23. Qd3 Qb8 24. Nc4 a4 25. Re2 Nb6 26. Rc1 Nxc4 27. Rxc4 Qb5 28. Qc2 Re7 29. Kg2 g6 30. Re3 Rb7 31. Re2 Qa5 32. Re3 Qb5 33. Ra3 Qxb2 34. Raxa4 Rab8 35. Qxb2 Rxb2 36. Ra6 R8b6 37. Rca4 Kf8 38. Ra8+ Ke7 39. R4a7+ Rb7 40. a4 c4 41. Rxb7+ Rxb7 42. Rc8 Rb4 43. a5 Ra4 44. a6 Rxa6 45. Rxc4 1/2-1/2

[Event "Victoria"]
[Site "Victoria"]
[Date "2010.10.08"]
[Round "1"]
[White "Yoos, John C"]
[Black "Kyriakides, Savvas"]
[Result "1/2-1/2"]
[WhiteElo "2466"]
[BlackElo "2072"]
[PlyCount "39"]
[EventDate "2010.10.08"]
[EventType "tourn"]
[EventRounds "7"]
[EventCountry "CAN"]
[SourceTitle "EXT 2022"]
[Source "ChessBase"]
[SourceDate "2021.10.06"]
[SourceVersion "1"]
[SourceVersionDate "2021.10.06"]
[SourceQuality "1"]

1. e4 c6 2. d4 d5 3. e5 Bf5 4. Nf3 e6 5. Be2 c5 6. Be3 Qc7 7. 0-0 cxd4 8. Nxd4 Qxe5 9. c4 Nc6 10. cxd5 exd5 11. Nxf5 Qxf5 12. Bg4 Qg6 13. Re1 Be7 14. Bc5 Kf8 15. Bxe7+ Ngxe7 16. Nc3 Rd8 17. Bh5 Qf5 18. Bg4 Qg6 19. Bh5 Qf5 20. Bg4 1/2-1/2

[Event "Lloydminster BATB op 4th"]
[Site "Lloydminster"]
[Date "2010.09.06"]
[Round "6.3"]
[White "Willis, Bradley"]
[Black "Yoos, John C"]
[Result "0-1"]
[WhiteElo "2130"]
[BlackElo "2444"]
[PlyCount "60"]
[EventDate "2010.09.04"]
[EventType "swiss"]
[EventRounds "6"]
[EventCountry "CAN"]
[SourceTitle "EXT 2022"]
[Source "ChessBase"]
[SourceDate "2021.10.06"]
[SourceVersion "1"]
[SourceVersionDate "2021.10.06"]
[SourceQuality "1"]

1. d4 Nf6 2. Nf3 g6 3. Nc3 Bg7 4. e4 d6 5. Be3 0-0 6. Qd2 Bg4 7. Be2 Nc6 8. 0-0-0 Re8 9. h3 Bxf3 10. Bxf3 e5 11. d5 Nd4 12. Ne2 Nxf3 13. gxf3 Qd7 14. Ng3 Kh8 15. h4 h5 16. Bh6 Rg8 17. Rhg1 Nh7 18. Bxg7+ Rxg7 19. f4 Qe7 20. fxe5 dxe5 21. d6 cxd6 22. Qxd6 Qxh4 23. Qxe5 Qg5+ 24. Qxg5 Nxg5 25. Rh1 Re8 26. Rh4 Kg8 27. Rd5 f6 28. Rf4 Rf7 29. Rd6 Kg7 30. Kd2 h4 0-1